A dictionary of biology / (Record no. 8587)
[ view plain ]
| 000 -LEADER | |
|---|---|
| fixed length control field | 00412nam a22001577a 4500 |
| 008 - FIXED-LENGTH DATA ELEMENTS--GENERAL INFORMATION | |
| fixed length control field | 230411b ||||| |||| 00| 0 eng d |
| 020 ## - INTERNATIONAL STANDARD BOOK NUMBER | |
| International Standard Book Number | 0-19-28032-9 |
| 082 14 - DEWEY DECIMAL CLASSIFICATION NUMBER | |
| Edition number | 14 |
| Classification number | 570 |
| 110 ## - MAIN ENTRY--CORPORATE NAME | |
| 9 (RLIN) | 16819 |
| Corporate name or jurisdiction name as entry element | Oxford University Press. |
| 245 10 - TITLE STATEMENT | |
| Title | A dictionary of biology / |
| Statement of responsibility, etc | Oxford University Press. |
| 250 ## - EDITION STATEMENT | |
| Edition statement | 3rd. ed. |
| 300 ## - PHYSICAL DESCRIPTION | |
| Other physical details | 548 p. |
| 650 #0 - SUBJECT ADDED ENTRY--TOPICAL TERM | |
| 9 (RLIN) | 83 |
| Topical term or geographic name as entry element | BIOLOGIA |
| 650 #0 - SUBJECT ADDED ENTRY--TOPICAL TERM | |
| 9 (RLIN) | 120 |
| Topical term or geographic name as entry element | DICCIONARIO |
| 942 ## - ADDED ENTRY ELEMENTS (KOHA) | |
| Source of classification or shelving scheme | Dewey Decimal Classification |
| Item type | Libro, folleto, traducción |
| 980 ## - EQUIVALENCE OR CROSS-REFERENCE-SERIES STATEMENT--PERSONAL NAME/TITLE [LOCAL, CANADA] | |
| Linkage | 2 |
| Personal name | Virginia Figueroa |
| Field link and sequence number | 2 |
| Miscellaneous information | Virginia Figueroa |
| Withdrawn status | Lost status | Source of classification or shelving scheme | Damaged status | Not for loan | Home library | Current library | Date acquired | Total Checkouts | Full call number | Barcode | Date last seen | Price effective from | Koha item type |
|---|---|---|---|---|---|---|---|---|---|---|---|---|---|
| Dewey Decimal Classification | Biblioteca Central | Biblioteca Central | 11/04/2023 | R 570 OXF 3a.ed. | UNAJ23040008 | 17/03/2025 | 11/04/2023 | Libro, folleto, traducción |